Islamic and western concepts of civilization / (Record no. 20299)

MARC details
000 -LEADER
fixed length control field 00894cam a2200277 a 4500
001 - CONTROL NUMBER
control field 1402086
003 - CONTROL NUMBER IDENTIFIER
control field BDDh-ASL
005 - DATE AND TIME OF LATEST TRANSACTION
control field 20231015025853.0
008 - FIXED-LENGTH DATA ELEMENTS--GENERAL INFORMATION
fixed length control field 830617s1982 my a b f001 0 eng
010 ## - LIBRARY OF CONGRESS CONTROL NUMBER
LC control number 82242784
020 ## - INTERNATIONAL STANDARD BOOK NUMBER
International Standard Book Number 9679990001 (pbk.)
040 ## - CATALOGING SOURCE
Original cataloging agency DLC
Transcribing agency DLC
Modifying agency DLC
-- OCoLC
-- DLC
-- BDDh-ASL
050 00 - LIBRARY OF CONGRESS CALL NUMBER
Classification number DS36.86
Item number .B43 1982
082 00 - DEWEY DECIMAL CLASSIFICATION NUMBER
Classification number 909.097
Edition number 19
Item number BEI
100 1# - MAIN ENTRY--PERSONAL NAME
Personal name Beg, Muhammad Abdul Jabbar.
245 10 - TITLE STATEMENT
Title Islamic and western concepts of civilization /
Statement of responsibility, etc. by Muhammad Abdul Jabbar Beg.
250 ## - EDITION STATEMENT
Edition statement 3rd rev. ed.
260 ## - PUBLICATION, DISTRIBUTION, ETC.
Place of publication, distribution, etc. Kuala Lumpur :
Name of publisher, distributor, etc. University of Malaya Press,
Date of publication, distribution, etc. 1982.
300 ## - PHYSICAL DESCRIPTION
Extent 80 p. :
Other physical details ill. ;
Dimensions 19 cm.
440 #2 - SERIES STATEMENT/ADDED ENTRY--TITLE
Title A monograph on comparative concepts of civilization
500 ## - GENERAL NOTE
General note Includes index.
504 ## - BIBLIOGRAPHY, ETC. NOTE
Bibliography, etc. note Bibliography: p. 73-77.
650 #0 - SUBJECT ADDED ENTRY--TOPICAL TERM
Topical term or geographic name entry element Islamic civilization.
906 ## - LOCAL DATA ELEMENT F, LDF (RLIN)
a 7
b cbc
c orignew
d 2
e ncip
f 19
g y-gencatlg
942 ## - ADDED ENTRY ELEMENTS (KOHA)
Source of classification or shelving scheme Dewey Decimal Classification
Koha item type Books
Holdings
Withdrawn status Lost status Source of classification or shelving scheme Damaged status Not for loan Collection code Home library Current library Shelving location Date acquired Source of acquisition Total Checkouts Full call number Barcode Date last seen Copy number Price effective from Koha item type
    Dewey Decimal Classification     Non-fiction Asiatic Society Library Asiatic Society Library General Stacks 12/29/2020 ASB Collection   909.097 BEI 103713 12/29/2020 C-1 12/29/2020 Books

Powered by Koha